| 000 | 00683nam a2200229 i 4500 | ||
|---|---|---|---|
| 001 | 15438 | ||
| 003 | ES-MaACL | ||
| 005 | 20230906151057.0 | ||
| 007 | t| | ||
| 008 | 000313s1999 sp ||||1| spa d | ||
| 020 | _a84-493-0705-8 | ||
| 080 | _a159.97 | ||
| 100 | 1 |
_aHirigoyen, Marie-France. _963803 |
|
| 245 | 1 | 3 |
_aEl acoso moral _b: el maltrato psicológico en la vida cotidiana / _cMarie-France Hirigoyen. |
| 260 |
_aBarcelona : _bPaidós, _c[1999] |
||
| 300 |
_a179 p. ; _c24 cm. |
||
| 490 | 1 |
_aPaidós contextos ; _v42 |
|
| 650 | 1 | 4 |
_aAcoso moral. _99586 |
| 830 | 0 |
_aPaidós contextos ; _v42 _9179772 |
|
| 852 |
_aES-MaACL _jL-22471 _bR.127927 |
||
| 999 |
_c15438 _d15438 |
||